| 000 | 00694cam a2200277 4500 | ||
|---|---|---|---|
| 001 | J108573 | ||
| 008 | 000000n2000 000 0 eng u | ||
| 035 | _a(Sirsi) u108573 | ||
| 050 | _a333.337 | ||
| 110 |
_aFPDSavills _93625 |
||
| 245 | _aM40 corridor survey - Spring 2000 | ||
| 260 |
_aLondon _bFPD Savills _c2000 |
||
| 300 | _a2p. ; 30cm. | ||
| 650 | _aM40 CORRIDOR | ||
| 650 | _aPROPERTY MARKET | ||
| 650 | _aOFFICES | ||
| 650 | _aINDUSTRIAL | ||
| 650 | _aRENTS | ||
| 650 | _aWAREHOUSES | ||
| 650 | _aBICESTER | ||
| 650 | _aAYLESBURY | ||
| 650 | _aBANBURY | ||
| 650 | _aHIGH WYCOMBE | ||
| 690 | _aPROPERTY-COMMERCIAL PROPERTY-COMMERCIAL PROPERTY MARKET | ||
| 942 | _n0 | ||
| 999 |
_c100825 _d100825 |
||